000 00708nam a22002177a 4500
003 UA-OsUOA
001 110070
007 ta
008 20150217b un ||||| |||| 00| 0 ukr d
100 _aМаксимчук М.В.
090 _a330(477)
_bМ17
942 _cSA
040 _aUA-OsUOA
_bukr
_cUA-OsUOA
_dUA-OsUOA
245 _aТеоретичні засади та базові моделі вибору цілей регіональної структурної політики
300 _aС.31-40
955 _a0
041 _aukr
080 _a330(477)
773 0 _w110067
_tРегіональна економіка
_dЛьвів
_d2014
_g4
650 7 _a330 Економіка взагалі
_2UDC
999 _c396078
_d396078